5 Seconds of Summer (5SOS) - The Rocks - All lyrics - Statistics

General Stats
  • This quiz has been taken 37 times
  • The average score is 262 of 350
Answer Stats
Answer % Correct
I
96%
the
96%
a
93%
A
93%
rocks
93%
You
93%
you
93%
of
89%
you're
89%
can
86%
I'm
86%
in
86%
it
86%
it?
86%
lost,
86%
my
86%
My
86%
see
86%
tell
86%
To
86%
to
86%
3
82%
a.m
82%
an
82%
at
82%
Don't
82%
feel
82%
feelin'
82%
me
82%
on
82%
alone,
79%
alone
79%
and
79%
And
79%
drown
79%
Drownin'
79%
get
79%
I'll
79%
Keep
79%
keep
79%
less
79%
make
79%
So
79%
up
79%
as
75%
Can't
75%
can't
75%
feelings
75%
know
75%
myself
75%
out
75%
sick
75%
isolation
71%
kill
71%
kill,
71%
like
71%
Like,
71%
like,
71%
Livin'
71%
onto
71%
reelin'
71%
that
71%
thousand
71%
wakin'
71%
by?
68%
ever
68%
nation
68%
no
68%
off
68%
one
68%
they
68%
this
68%
Waves
68%
why,
68%
world
68%
but
64%
But
64%
flood
64%
island
64%
look
64%
said
64%
said,
64%
Throw
64%
Watch
64%
Cut
61%
emptiness
61%
felt
61%
it's
61%
It's
61%
mind,
61%
rush
61%
are
57%
face
57%
hell
57%
outside
57%
take,
57%
take
57%
else
54%
eye-eye-eyes
54%
eyes
54%
lie,
54%
passing
54%
ride
54%
sticks
54%
again
50%
ditch
50%
for
50%
here
50%
knows
50%
nobody
50%
plan
50%
regrets
50%
revenge
50%
somebody
50%
Woah
50%
(Woah)
50%
Woah,
50%
woah
50%
Cause
46%
crash
46%
dive
46%
heart,
46%
light
46%
still
46%
(Hey,
43%
hey,
43%
hey)
43%
hurts
43%
life's
43%
way
43%
dance
39%
confess
36%
dimming
32%
kick
32%
play
32%
search
32%
won't
32%
shove
25%
why's
25%
No matching quizzes found
Score Distribution
Percent of People with Each Score
Percentile by Number Answered
Your Score History
You have not taken this quiz